| 000 | 01112nam a2200337 c 4500 | ||
|---|---|---|---|
| 001 | 18271 | ||
| 003 | ES-MaCES | ||
| 005 | 20141221122530.0 | ||
| 008 | 051129s2005 sp o000 | spa d | ||
| 017 |
_aM 31931-2005 _bDL |
||
| 020 | _a8496518140 | ||
| 035 | _aCES20050014140m | ||
| 040 |
_aES-MaCES _bspa _cES-MaCES |
||
| 245 | 0 | 0 |
_aProblemas críticos del proceso laboral _cdirector, Jesús Souto Prieto |
| 260 |
_aMadrid _bConsejo General del Poder Judicial _c[2005] |
||
| 300 |
_a548 p. _c22 cm |
||
| 490 | 1 |
_aEstudios de derecho judicial _v63 |
|
| 504 | _aBibliografía | ||
| 541 | _cGratuito | ||
| 650 | 4 |
_aprocedimiento laboral _930887 |
|
| 650 | 4 |
_aderecho del trabajo _927165 |
|
| 650 | 4 |
_aderecho jurisprudencial _929863 |
|
| 650 | 4 |
_aEspaña _926964 |
|
| 653 | 1 | 0 | _aDerecho del trabajo y Seguridad Social |
| 700 | 1 |
_aSouto Prieto, Jesús _edir. _924342 |
|
| 710 | 1 |
_aEspaña _bConsejo General del Poder Judicial _eed. _92750 |
|
| 830 | 0 |
_aEstudios de derecho judicial _v63 _933151 |
|
| 902 | _aLIB Libro | ||
| 942 |
_2CES _cBK _h6.0.1. |
||
| 999 |
_c18271 _d18271 |
||